Music Quiz

Random Music or Bands Quiz

Musicians 7-to-1 Quiz Stats

Quiz Updated Mar 5, 2018

Also try: Sports 7-to-1
Challenge
Share
Tweet
Embed
Score 0/28 Timer 06:00
0 Plays Today
% Correct
Kurt Cobain
95.1%
Axl Rose
94.7%
Mick Fleetwood
93.9%
Brian Wilson
92.1%
Bono
91.8%
Boy George
90.7%
Dennis Wilson
90%
Phil Collins
89.7%
Stevie Nicks
89.7%
Carl Wilson
88.5%
Slash
88.1%
Dave Grohl
87.9%
Sting
87.5%
Roger Waters
85.5%
% Correct
George Michael
81.3%
David Gilmour
80.9%
Anthony Kiedis
80.2%
Lindsey Buckingham
80.1%
Bob Geldof
79.4%
Christine McVie
77.5%
Mike Love
73.9%
Syd Barrett
73.1%
Krist Novoselic
71%
Bruce Johnston
67.1%
Richard Wright
66.7%
Nick Mason
66.2%
Paul Young
62.2%
Al Jardine
55.7%

You're not logged in!

Compare scores with friends on all Sporcle quizzes.
Sign Up with Email
OR
Log In

You Might Also Like...

Show Comments

Extras

Top Quizzes Today


Score Distribution

Your Account Isn't Verified!

In order to create a playlist on Sporcle, you need to verify the email address you used during registration. Go to your Sporcle Settings to finish the process.

Report this User

Report this user for behavior that violates our Community Guidelines.

Details: